Psychosociologie et formation (notice n° 1565948)
[ vue normale ]
| 000 -LEADER | |
|---|---|
| fixed length control field | 01020cam a2200133 4500500 |
| 005 - DATE AND TIME OF LATEST TRANSACTION | |
| control field | 20251130003006.0 |
| 041 ## - LANGUAGE CODE | |
| Language code of text/sound track or separate title | fre |
| 042 ## - AUTHENTICATION CODE | |
| Authentication code | dc |
| 100 10 - MAIN ENTRY--PERSONAL NAME | |
| Personal name | Maisonneuve, Jean |
| Relator term | author |
| 245 00 - TITLE STATEMENT | |
| Title | Psychosociologie et formation |
| 260 ## - PUBLICATION, DISTRIBUTION, ETC. | |
| Name of publisher, distributor, etc. | L'Harmattan,<br/> |
| Date of publication, distribution, etc. | 2005.<br/> |
| 520 ## - SUMMARY, ETC. | |
| Summary, etc. | Cet ouvrage traite de la formation relationnelle et des processus de groupe. Il fournit un éclairage quant aux apports de la psychosociologie à la formation des adultes. La première partie expose les processus de la formation et de l’intervention psychosociologiques. La partie suivante est centrée sur l’expérience du groupe de base, aujourd’hui délaissée sinon méconnue, alors qu’elle reste irremplaçable pour les formateurs et intervenants responsables de groupes et d’interactions directes. La dernière partie traite de l’évolution des modèles dans la conception et la conduite des groupes. |
| 856 41 - ELECTRONIC LOCATION AND ACCESS | |
| Uniform Resource Identifier | <a href="https://shs.cairn.info/psychosociologie-et-formation--9782747578820?lang=fr&redirect-ssocas=7080">https://shs.cairn.info/psychosociologie-et-formation--9782747578820?lang=fr&redirect-ssocas=7080</a> |
Pas d'exemplaire disponible.




Réseaux sociaux